| 000 | 01434nam0a2200313 4500 | ||
|---|---|---|---|
| 001 | RU\NLR\bibl\805253 | ||
| 005 | 20260407113902.0 | ||
| 010 |
_a5-8155-0199-9 _91000 |
||
| 021 |
_aRU _b2005-8956 _9467 |
||
| 035 | _a(NLR Aleph) 000794389 | ||
| 090 |
_a1141758 _c1141758 |
||
| 100 | _a20050531d2005 |||y0rusy50 ca | ||
| 101 | 0 | _arus | |
| 102 | _aRU | ||
| 105 | _aa ||||||||| | ||
| 200 | 1 |
_aСтановление Межрегиональной профсоюзной организации ОАО "Газпром" - 5 лет _f[авт.-сост.: Н.А. Егоров, В.Э. Дорофеев _gпод общ. ред. В.П. Бабкина] |
|
| 210 |
_aМосква _cГлобус _d2005 |
||
| 215 |
_a223 с. _cил., цв. ил., карт. _d24 |
||
| 601 | 0 | 2 |
_a"Газпром", российское акционерное общество _bМежрегиональная профсоюзная организация _92381811 _3RU\NLR\auth\661421024 |
| 686 | _aФ72(2)920.6 | ||
| 702 | 1 |
_aБабкин _bВ. П. _gВладимир П _4340 |
|
| 702 | 1 |
_aЕгоров _bН. А. _4220 |
|
| 711 | 0 | 2 |
_a"Газпром", российское акционерное общество _bМежрегиональная профсоюзная организация _3RU\NLR\AUTH\8810065917 _9633443 |
| 801 | 0 |
_aRU _bNLR _c20050531 _gPSBO |
|
| 801 | 1 |
_aRU _bNLR _c20050531 |
|
| 942 | _cBOOK | ||
| 980 | _aNB | ||